| 000 | 01272nam a22003134a 4500 | ||
|---|---|---|---|
| 001 | ebr10006830 | ||
| 003 | CaPaEBR | ||
| 006 | m u | ||
| 007 | cr cn||||||||| | ||
| 008 | 010227s2002 enka sb 001 0 eng | ||
| 010 | _z 2001025463 | ||
| 020 | _z0521800218 | ||
| 040 |
_aCaPaEBR _cCaPaEBR |
||
| 035 | _a(OCoLC)56129663 | ||
| 050 | 1 | 4 |
_aHD8736.5 _b.F73 2002eb |
| 082 | 0 | 4 |
_a331/.0951 _221 |
| 100 | 1 | _aFrazier, Mark W. | |
| 245 | 1 | 4 |
_aThe making of the Chinese industrial workplace _h[electronic resource] : _bstate, revolution, and labor management / _cMark W. Frazier. |
| 260 |
_aCambridge, UK ; _aNew York : _bCambridge University Press, _c2002. |
||
| 300 |
_axvii, 286 p. : _bill. |
||
| 490 | 1 | _aCambridge modern China series | |
| 504 | _aIncludes bibliographical references (p. 260-271) and index. | ||
| 533 |
_aElectronic reproduction. _bPalo Alto, Calif. : _cebrary, _d2013. _nAvailable via World Wide Web. _nAccess may be limited to ebrary affiliated libraries. |
||
| 650 | 0 |
_aLabor policy _zChina. |
|
| 655 | 7 |
_aElectronic books. _2local |
|
| 710 | 2 | _aebrary, Inc. | |
| 830 | 0 | _aCambridge modern China series. | |
| 856 | 4 | 0 |
_uhttp://site.ebrary.com/lib/rucke/Doc?id=10006830 _zAn electronic book accessible through the World Wide Web; click to view |
| 999 |
_c358 _d358 |
||